1637 1076 1739 1531 1770 1843 1122 1410 1386 1402 1367 1329 1482 1884 1288 1505 1981 1723 1324 1536 1251 1539 1183 1319 1569 1280 1201 1236 1477 1414 1564 1691 1500 1265 1669 1918 1179 1292 1406 1931 1333 1911 1820 1217 1267 1061 1550 1376 1167 1875 1441 1755 1249 1983 1659 1631 1124 1526 1688 1239 1375 1786 1054 1977 1803 1056 1644 1864 1858 1549 1760 1508 1721 1827 1778 1364 1367 1078 1311 1643 1906 1357 1510 1442 1067 1884 1171 1711 1426 1301 1604 1357 1815 1393 1491 1239 1735 1947 1818 BCNSPRNW ULIB Ver.6.0+V

เปลี่ยนเป็นภาษาไทย

Change to English
 แสดงรายละเอียดบรรณานุกรม
  กลับหน้าหลัก

Brief Record : Get Marc (ISO 2709) : E-mail record : QR code < ปิดหน้าต่าง
LEADER : 00000nam 2200000uu 4500
001    13399108695
003     ULIB
008    110311s2548||||th 000 0 tha d
020    9749712587
020    9789749712580
060 04 QT4^bว435ส 2548
100 0  วันเพ็ญ ภูติจันทร์
245 10 สรีรวิทยาทั่วไป =^bGeneral physiology /^cวันเพ็ญ ภูติจันทร์
246 31 General physiology
250    พิมพ์ครั้งที่ 1
260    กรุงเทพฯ :^bโอเดียนสโตร์,^c2548
300    384 หน้า :^bภาพประกอบ ;^c24 ซม.
650  7 สรีรวิทยา
945    ^p250^l0^i24572
945    ^p250^l0^i24571
945    ^p250^l0^i16701
945    ^p250^l0^i16700
945    ^p250^l0^i16640
945    ^p250^l0^i24570
995    เกษร
999 ^a ใช้งานได้ทุกระบบ
รายการนี้ยังไม่มีแท็ก
คุณยังไม่ได้ล็อกอิน คุณสามารถมีกิจกรรมร่วมกับเว็บไซต์ได้ แต่ต้องล็อกอินก่อน ::
  ล็อกอิน

รายการสื่อสารสนเทศ

ลำดับที่ ประเภท เลขเรียก/บาร์โค้ด สถานที่ สถานะ
- ไม่พบข้อมูล -

รายการใกล้เคียง
    ผู้แต่ง [วันเพ็ญ ภูติจันทร์]

    หัวเรื่อง [สรีรวิทยา]

BibComment


ยังไม่เคยถูกคอมเมนท์

คอมเมนท์ทรัพยากรรายการนี้
  คอมเมนท์: สรีรวิทยาทั่วไป ..


 Copyright 2026. Bcnsprnw @Library